Mayhem - De Mysteriis Dom Sathanas Songs - Statistics

General Stats
  • This quiz has been taken 10 times
  • The average score is 6 of 8
Answer Stats
Length Song % Correct
6:23 Freezing Moon
100%
5:47 Funeral Fog
100%
6:21 De Mysteriis Dom Sathanas
86%
6:57 Life Eternal
71%
6:20 Pagan Fears
71%
3:34 Buried by Time and Dust
57%
5:10 Cursed in Eternity
43%
5:26 From the Dark Past
43%
No matching quizzes found
Score Distribution
Percent of People with Each Score
Percentile by Number Answered
Your Score History
You have not taken this quiz